Normal view
MARC view
Entry Topical Term
001 - CONTROL NUMBER
- control field: 7016
003 - CONTROL NUMBER IDENTIFIER
- control field: BD-RjUL
005 - DATE AND TIME OF LATEST TRANSACTION
- control field: 20230215154719.0
008 - FIXED-LENGTH DATA ELEMENTS
- fixed length control field: 230215|| aca||aabn | a|a d
040 ## - CATALOGING SOURCE
- Original cataloging agency: BD-RjUL
- Transcribing agency: BD-RjUL
150 ## - HEADING--TOPICAL TERM
- Topical term or geographic name entry element: Islamic religious education
- Geographic subdivision: Bangladesh
- Geographic subdivision: Chapainawabganj Region
- Chronological subdivision: 1900-2006 A.D
670 ## - SOURCE DATA FOUND
- Source citation: Work cat.: (BD-RjUL)81170: আলী, মো. কেরামত 6838, চাঁপাইনবাবগঞ্জ অঞ্চলে ইসলাম প্রচার ও সমাজ সংস্কারে আলিমদের ভূমিকা (১৯০০-২০০৬ খ্রীষ্টাব্দ) /, ২০১৪